| 000 | 00726nam a2200217 u 4500 | ||
|---|---|---|---|
| 005 | 20230316063556.0 | ||
| 008 | 090324s19972006 r 000 0 eng d | ||
| 020 | _a9681654382 | ||
| 035 | _aUPN01000170102 | ||
| 049 | _aI | ||
| 050 | 4 |
_aPZ76.3 _bK4.3 |
|
| 100 | 1 | _aKelleher, Victor | |
| 245 | 1 | 0 |
_aDonde las ballenas cantan / _cVictor Kelleher ; il. Andrés Sáncez de Tagle ; María Vinós. |
| 260 |
_aMéxico : _bFCE, _c1997 (2006 impr.). |
||
| 300 |
_a73 p. : _bil. |
||
| 440 | 0 |
_aA la orilla del viento ; _v91. _pPara los grandes lectores |
|
| 534 |
_pTítulo original: _tWhere the whales sing |
||
| 650 | 4 |
_aBALLENAS - _vLITERATURA JUVENIL _98652 |
|
| 650 | 4 |
_aCuentos infantiles ingleses _910002 |
|
| 905 | _aInfantil | ||
| 999 |
_c142208 _d142208 |
||